00688nam a2200217Ia 4500999001500000020001800015082001600033245004700049260004600096300001500142440006000157504001900217650001900236650001300255650003000268650001200298700001600310700002000326942000700346952011700353 c3373d3373 a1-84064-911-9 a388.06 REC- 0aRecent developments in transport economics aCheltenhambEdward Elgar Publishingc2003 axix, 720p. aInternational library of critical writings in economics aIncludes index aTransportation aCommerce aCommunication and traffic aTraffic aBlaug, Mark aButton, Kenneth cBK 00104070aNASSDOCbNASSDOCd2004-09-09i2004-10-05l0o388.06 REC-p39407r2019-04-18 00:00:00w2019-04-18yBK